« Retourner aux résultats de recherche
Humanofolie
| Auteur principal: | Jean Fontaine |
|---|---|
| Support: | Livres |
| Langue: | Francais |
| Publié: |
2011 Ed. Humus Lausanne (Suisse) |
| Genre: |
Documentaire |
| Sujets: | |
| Étiquettes: |
Ajouter
Pas de Tags !
|
| LEADER | 00584nam0a2200181 450 | ||
|---|---|---|---|
| 001 | 16848369 | ||
| 010 | |a 978-2-940127-58-0 |b Br. |d 24 | ||
| 100 | |a 20110518d2011 u u0frey01 ba | ||
| 101 | 0 | |a fre | |
| 102 | |a CH | ||
| 200 | 0 | |a Humanofolie |f Jean Fontaine | |
| 207 | 1 | |a | |
| 210 | |a Lausanne (Suisse) |c Ed. Humus |d 2011 | ||
| 215 | |a 1 vol. (64 p.) |c illustrations en couleur |d 32 x 23 cm | ||
| 700 | 0 | |a Fontaine |b Jean |4 70 | |
| 900 | |a Documentaire | ||
| 901 | |a Accessible au prêt | ||
| 995 | |a Bibliothèque |c Bibliothèque |f 00156008253809 |h 00156008253809 |k 735.24 FON |o p |q a |r az |e Bibliothèque | ||
